Ruperto insiste !! : Nuevas aventuras de un sapo detective /
Guardado en:
| Autor Principal: | |
|---|---|
| Formato: | Libro |
| Publicado: |
Buenos Aires :
Alfaguara,
1995.
|
| Materias: | |
| Etiquetas: |
Agregar Etiqueta
Sin Etiquetas, Sea el primero en etiquetar este registro!
|
| LEADER | 00939nam a22002535a 4500 | ||
|---|---|---|---|
| 001 | CEM.cems019748 | ||
| 008 | 221017s1995##################000#0#####d | ||
| 005 | 20221017093920.0 | ||
| 245 | 1 | 0 | |a Ruperto insiste !! : |b Nuevas aventuras de un sapo detective / |c Roy Berocay. |
| 260 | |a Buenos Aires : |b Alfaguara, |c 1995. | ||
| 300 | |a 77 p. | ||
| 505 | 0 | |a Ruperto contra el monstruo de hierro -- Ruperto busca novia -- Ruperto "Diet" -- Ruperto y el extraterrestre | |
| 020 | |a 9974590310 | ||
| 100 | 1 | |a Berocay, Roy | |
| 082 | 0 | 4 | |a U868.4 |
| 653 | |a Literatura | ||
| 653 | |a Literatura Uruguaya | ||
| 653 | |a Novelas | ||
| 653 | |a Novelas infantiles | ||
| 653 | |a Cuentos | ||
| 653 | |a Cuentos Infantiles | ||
| 859 | |a CEMS |b BIB. CEMS - Inicial y Primaria |h U868.4 |i B458-1 |k IP |p 1391 |t Ej.1 | ||
| 859 | |a CEMS |b BIB. CEMS - Inicial y Primaria |h U868.4 |i B458-1 |k IP |p 1966 |t Ej.2 | ||
| 859 | |a CEMS |b BIB. CEMS - Inicial y Primaria |h U868.4 |i B458-1 |k IP |p 3040 |t Ej.3 | ||
